Normal view
MARC view
- Shabbir, Usman
Entry Personal Name
001 - CONTROL NUMBER
- control field: 51654
003 - CONTROL NUMBER IDENTIFIER
- control field: NUST
005 - DATE AND TIME OF LATEST TRANSACTION
- control field: 20210314135030.0
008 - FIXED-LENGTH DATA ELEMENTS
- fixed length control field: 210314|| aca||aabn | a|a d
040 ## - CATALOGING SOURCE
- Original cataloging agency: NUST
- Transcribing agency: NUST
100 ## - HEADING--PERSONAL NAME
- Personal name: Shabbir, Usman
670 ## - SOURCE DATA FOUND
- Source citation: Work cat.: (NUST): Seepage analysis, retrofitting of DPC and lowering of ground water in sialkot garrison, 2019.
